000
00264nam a2200121Ia 4500
100
_a
Patel/ B.B.
942
_c
RB
654
_a
Machines
245
_a
Theory Of Machines (1) (Kinematrics)
260
_b
Everest Pub
_a
NONE
_c
1999
546
_a
ENGLISH
999
_c
20676
_d
20676